Les doctrines de la science de l'Antiquité à l'âge classique.

Salvato in:
Dettagli Bibliografici
Altri autori: Rashed, Roshdi (Redattore), Biard, Joël (Redattore)
Natura: Libro
Lingua:inglese
Pubblicazione: Leuven, Belgique: Peeters, 1999.
Serie:Ancient and classical sciences and philosophy.
Soggetti:
Tags: Aggiungi Tag
Nessun Tag, puoi essere il primo ad aggiungerne!!

MARC

LEADER 00000nam a22000007a 4500
003 CL-VaPUC
005 20220822114854.0
008 220810t1999 ||||| |||| 00| 0 eng d
999 |c 438235  |d 438233 
020 |a 90-429-0788-6 
040 |c Pontificia Universidad Católica de Valparaíso 
082 |2 22  |a 501 ROS 1999 
100 |9 875316  |a Rashed, Roshdi   |e editor 
245 |a Les doctrines de la science de l'Antiquité à l'âge classique.  
260 |a Leuven, Belgique:   |b Peeters,   |c 1999. 
300 |a VIII, 277 páginas.  
490 |a Ancient and classical sciences and philosophy.  
500 |a c.1 Donación Familia Prof. Alejandro Guzmán Brito. 
583 |c 20220810  |k Yessy Sthefany Diaz Vidal 
650 0 |9 256466  |a Filosofía de las ciencias 
650 0 |9 327866  |a Ciencias  |x Historia  
650 0 |a Religión y ciencia  |x Historia   |9 314470 
700 |9 875317  |a Biard, Joël   |e editor 
942 |2 ddc  |c BK  |n 0 
952 |0 0  |1 0  |2 ddc  |4 0  |6 501_000000000000000_ROS_1999  |7 1  |8 C_AGB  |9 586115  |a BIBDER  |b BIBDER  |d 2022-08-10  |e Donación   |i 5653957  |o 501 ROS 1999  |p 5653957  |r 2023-01-25  |t 1  |w 2022-08-10  |y BK_US  |k AGB